000 00320nam a2200109Ia 4500
008 171211s9999 xx 000 0 und d
245 _aComplete Idiot's Guide to Yoga with Kids
245 _cEve Adamson and Jodi Komitor
260 _c2000
650 _xFITNESS
856 _uhttp://down.ebook777.com/062/9780028639352.pdf
999 _c349069
_d349069